Alcool par pays - Statistiques

Statistiques générales
  • Ce quiz a été pris 1 126 fois
  • Le résultat moyen est 11 sur 17
Statistiques - réponses
Hint Réponse % Correct
Vodka Russie
91%
Porto Portugal
89%
Saké Japon
88%
Sangria Espagne
86%
Limoncello Italie
85%
Scotch whisky Ecosse
83%
Tequila Mexique
80%
Schnaps Allemagne
73%
Cognac France
73%
Rhum Cuba
71%
Vin de glace Canada
58%
Cachaça Brésil
56%
Palinka Hongrie
42%
Pisco Pérou
37%
Ouzo Grèce
36%
Arak Liban
33%
Raki Turquie
31%
Aucun quiz correspondant
Distribution des résultats
% des personnes avec chaque résultat
Percentile par nombre de réponses
Votre historique - résultats
Vous n’avez pas pris ce quiz